00929nam a2200253 i 4500001000300000003000900003005001700012008003900029015001700068040003500085041001300120080001200133100003500145245014100180250001200321260005600333300002600389380001700415650003400432655003000466700003900496710004200535856009800577bgKOSZ 00520200630132823.0071008s1968 pl g f 000 0 pol aPB 1968/9512 aWA NcKOSZ 005/RWdKOSZ 005/RW0 apolager a803.0-51 aDewitzowa, Wandad(1891-1972).10aZwięzła gramatyka języka niemieckiego :bpodręcznik dla lektoratów wyższych uczelni /cWanda Dewitzowa, Barbara Płaczkowska. aWyd. 4. aWarszawa :bPaństwowe Wydawnictwo Naukowe,c1968. a369, [2] s. ;c23 cm. aKsiążki. 4aJęzyk niemieckixgramatyka. 4aPodręczniki akademickie1 aPłaczkowska, Barbarad(1913-1993)2 aPaństwowe Wydawnictwo Naukowe4pbl. uhttp://koha.tu.koszalin.pl/cgi-bin/koha/opac-detail.pl?biblionumber=11211yKatalog online BPK